| 000 | 01772pam a22003733a 4500 | ||
|---|---|---|---|
| 001 | 16406332 | ||
| 003 | OSt | ||
| 005 | 20140310184313.0 | ||
| 008 | 030811s1999 enka j 000 f eng | ||
| 010 | _a 99611231 | ||
| 015 | _aGBA2-U2339 | ||
| 020 | _a9780590108393 | ||
| 035 | _a(OCoLC)ocm50936652 | ||
| 040 |
_aUKM _cUKM _dDLC |
||
| 050 | 0 | 0 |
_aPZ 7 _b.Ab131s1 1999 |
| 100 | 1 |
_aAbbott, Tony, _d1952- _923341 |
|
| 245 | 1 | 4 |
_aThe hidden stairs and the magic carpet / _cTony Abbott ; illustrated by Tim Jessell. |
| 260 |
_aNew York : _aLondon : _bScholastic, _c1999. |
||
| 300 |
_a80 p. : _bill. ; _c19 cm. |
||
| 490 | 1 |
_aThe secrets of Droon ; _v1 |
|
| 520 | _aWhen Neal and Julie agree to help Eric straighten up his basement, they never imagine that they're in for more than getting a little dusty. But as the three kids follow a soccer ball into the small room under the basement stairs, the floor suddenly evaporates to reveal a rainbow staircase to another world! Before they have a chance to look around, they are caught in the midst of a battle. Shiny red men riding giant lizards are shooting arrows straight at them. They are saved by Princess Keeah of Droon who tells them the red men are warriors for the evil Lord Sparr. She promises to help them get home if they will carry a message for her. | ||
| 521 |
_aG2 _bLexile |
||
| 526 | _c380 | ||
| 541 | _j1 | ||
| 541 | _j2 | ||
| 541 | _j3 | ||
| 562 | _e3 | ||
| 650 |
_aDroon (Imaginary place) _xJuvenile fiction. _923342 |
||
| 655 | 7 |
_aChildren's stories. _2lcsh _93012 |
|
| 700 | 1 |
_aJessell, Tim. _923337 |
|
| 710 | 2 |
_aCopyright Paperback Collection (Library of Congress) _5DLC _9705 |
|
| 906 |
_a7 _bcbc _ccopycat _d2 _encip _f19 _gy-genrareb |
||
| 942 |
_2lcc _cBK-SCHOLAS |
||
| 999 |
_c33544 _d33544 |
||